Best Pictures Missing a Letter Quiz Stats

 Plays Quiz Updated Apr 18, 2017

Challenge
Share
Tweet
Embed
Score 0/21 Timer 04:00
8 Plays Today
% Correct
All Quiet on the Western Font
85.7%
Liver!
84.7%
Raveheart
84.6%
Wet Side Story
83.9%
The Silence of the Labs
83.8%
Diving Miss Daisy
82.7%
Rash
82.4%
The English Patent
82.3%
The Greatest Sow on Earth
82.2%
Bidman
81.8%
He Departed
80.9%
% Correct
Potlight
80.3%
Ran Man
80%
The Sing
79.3%
Forrest Ump
78.8%
Danes with Wolves
78.2%
My Far Lady
77.5%
Chariots of Fir
76.9%
Rock
75.8%
Around the Wold in 80 Days
73.1%
An American in Pars
72.2%

You're not logged in!

Compare scores with friends on all Sporcle quizzes.
OR
Log In

You Might Also Like...

Show Comments

Extras

Top Quizzes Today


Score Distribution

Your Account Isn't Verified!

In order to create a playlist on Sporcle, you need to verify the email address you used during registration. Go to your Sporcle Settings to finish the process.

Report this User

Report this user for behavior that violates our Community Guidelines.

Details: